00749nam a2200241Ia 450000500170000000800410001702000250005804000190008304100120010208200210011410000150013524500750015026000420022530000160026750400190028363000260030265000160032865100220034485000100036694200070037699900170038395201070040020221210101746.0131103s9999 xx 000 0 und d a192880853cRs 995.00 aLoreto College aEnglish a821.91b YEA-FOS aFoster,R.F aW.B.Yeatsba life : I : The Apprentice Mage 1865-1914 : cR.F.Foster aOxfordbOxford University Pressc1997 axxxii,640p  aIncludes index aLiterature in English aYeats, W.B. aPoetry in English aLCLIB cBK c36662d87141 00102ddc4070aMAINbMAINd2013-11-04l0o821.91 YEA-FOS 47868pB39726r2013-11-04w2013-11-04yBKf